000 01393nam a2200397 a 4500
999 _c130010
_d130010
003 BLK
005 20241026005413.0
008 180409b bul|||||r ||||||| ||bul||
010 _aKNG00135759000
040 _aBLK
041 _aBUL
_cBUL
072 7 _2bullib
_aК
_xКраезнание
072 7 _2bullib
_aРА
_xРусенски автори
072 7 _2bullib
_aЯ
_xАвтографи
080 _aБългарска литература
_b821.163.2
_x-1
_z821.163.2-1
100 _aБоздуганов, Никола Недев
_d1924-2006
_9387025
139 _aБоздуганов, Никола Недев
_bБ 58
245 1 0 _aМолитви казвани без глас
_bСтихотворения
_cНикола Недев Боздуганов.
257 _aBGR
260 _aРусе
_bИзд. авт.
_c1993
_fРусе : Дунав прес
300 _a48 с.
_c20 см
380 _aX
653 _aстихотворения
659 _aК
659 _aЯ
852 _aЦб 173273
_bЦб
852 _aК 821.163.2/Б 58 Н
856 4 _qpdf
_i0.00
_ldisable
856 4 _qpdf
_i0.00
_ldisable
942 _cKNG
_n0
_s1
944 _aCR
_c01.11.2012
_lCRON CRON
_k
944 _aED
_c28.08.2017
_lф / 01.11.2012
_kЛюдмила_Стоянова
999 _d130010
999 _d130010
999 _d130010